1545 1573 1794 1372 1074 1417 1496 1558 1127 1191 1358 1975 1922 1866 1643 1000 1087 1091 1358 1163 1391 1152 1388 1829 1310 1936 1830 1660 1837 1594 1875 1667 1168 1844 1223 1959 1589 1502 1822 1493 1350 1802 1339 1932 1987 1654 1120 1824 1079 1815 1675 1918 1885 1240 1750 1839 1161 1281 1101 1675 1739 1949 1651 1147 1439 1033 1736 1377 1370 1327 1350 1221 1807 1011 1715 1996 1016 1313 1717 1398 1423 1270 1382 1780 1263 1873 1273 1125 1595 1987 1824 1764 1926 1507 1537 1799 1336 1119 1716 BCNSPRNW ULIB Ver.6.0+V

เปลี่ยนเป็นภาษาไทย

Change to English
 แสดงรายละเอียดบรรณานุกรม
  กลับหน้าหลัก

Brief Record : Get Marc (ISO 2709) : E-mail record : QR code < ปิดหน้าต่าง
LEADER : 00000nam 2200000uu 4500
001    13399111244
003     ULIB
008    110621s||||||||th 000 0 tha d
020    9789744433398
050  4 BJ2007^bซ949ค 2551
100 1  อิชิฮาระ, โซอิชิโร
245 10 เคล็ดลับและมารยาทในการผูกมิตร /^cโซอิชิโร อิชิฮาระ เรียบเรียง ; มิกิ อิโต ภาพ ; ภัทร์อร พิพัฒนกุล แปล
246 30 หนังสือภาพ (ข้อความเหนือชื่อเรื่อง)
250    พิมพ์ครั้งที่ 1
260    กรุงเทพฯ :^bภาษาและวัฒนธรรม,^c2552
300    136 หน้า :^bภาพประกอบสี
650  4 มารยาทและการสมาคม
650  4 ความสัมพันธ์ระหว่างบุคคล
700 0  ภัทร์อร พิพัฒนกุล,^eผู้แปล
945    ^p250^l0^i024432
995    ทศพร
999 ^a ใช้งานได้ทุกระบบ
รายการนี้ยังไม่มีแท็ก
คุณยังไม่ได้ล็อกอิน คุณสามารถมีกิจกรรมร่วมกับเว็บไซต์ได้ แต่ต้องล็อกอินก่อน ::
  ล็อกอิน

รายการสื่อสารสนเทศ

ลำดับที่ ประเภท เลขเรียก/บาร์โค้ด สถานที่ สถานะ
- ไม่พบข้อมูล -

รายการใกล้เคียง
    หัวเรื่อง [มารยาทและการสมาคม]
    หัวเรื่อง [ความสัมพันธ์ระหว่างบุคคล]

BibComment


ยังไม่เคยถูกคอมเมนท์

คอมเมนท์ทรัพยากรรายการนี้
  คอมเมนท์: เคล็ดลับและมารยาท..


 Copyright 2026. Bcnsprnw @Library